How to initiate a tree: the Asvatthopanayana in prescriptive texts

Saved in:
Bibliographic Details
Main Author: Zotter, Astrid (Author)
Format: Chapter/Article Conference Paper
Language:English
Published: 2010
In: Hindu and Buddhist initiations in India and Nepal
Year: 2010, Pages: 341-364
DOI:10.11588/hasp.1551.c22586
Online Access:Resolving-System, kostenfrei, Volltext: https://doi.org/10.11588/hasp.1551.c22586
Get full text
Author Notes:Astrid Zotter

MARC

LEADER 00000caa a2200000 c 4500
001 1920069607
003 DE-627
005 20250716202533.0
007 cr uuu---uuuuu
008 250319s2010 xx |||||o 00| ||eng c
024 7 |a 10.11588/hasp.1551.c22586  |2 doi 
035 |a (DE-627)1920069607 
035 |a (DE-599)KXP1920069607 
035 |a (OCoLC)1528005099 
040 |a DE-627  |b ger  |c DE-627  |e rda 
041 |a eng 
084 |a 13  |2 sdnb 
084 |a SUEDASIEN  |q DE-16  |2 fid 
084 |a 0  |2 ssgn 
100 1 |a Zotter, Astrid  |d 1977-  |e VerfasserIn  |0 (DE-588)1030289476  |0 (DE-627)734990049  |0 (DE-576)334677165  |4 aut 
245 1 0 |a How to initiate a tree  |b the Asvatthopanayana in prescriptive texts  |c Astrid Zotter 
264 1 |c 2010 
300 |a 24 
336 |a Text  |b txt  |2 rdacontent 
337 |a Computermedien  |b c  |2 rdamedia 
338 |a Online-Ressource  |b cr  |2 rdacarrier 
533 |a Reproduktion  |d 10.03.2025  |7 |2025|||||||||| 
773 0 8 |i Enthalten in  |t Hindu and Buddhist initiations in India and Nepal  |d Wiesbaden : Harrassowitz, 2010  |g (2010), Seite 341-364  |h 380 Seiten  |w (DE-627)1919933115  |z 9783988870261  |7 nnam  |a How to initiate a tree the Asvatthopanayana in prescriptive texts 
773 1 8 |g year:2010  |g pages:341-364  |g extent:24  |a How to initiate a tree the Asvatthopanayana in prescriptive texts 
856 4 0 |u https://doi.org/10.11588/hasp.1551.c22586  |x Resolving-System  |z kostenfrei  |3 Volltext 
935 |a hasp 
951 |a AR 
992 |a 20250319 
993 |a ConferencePaper 
998 |g 1030289476  |a Zotter, Astrid  |m 1030289476:Zotter, Astrid  |d 500000  |d 500619  |e 500000PZ1030289476  |e 500619PZ1030289476  |k 0/500000/  |k 1/500000/500619/  |p 1  |x j  |y j 
999 |a KXP-PPN1920069607  |e 4688226098 
BIB |a Y 
JSO |a {"type":{"bibl":"chapter","media":"Online-Ressource"},"person":[{"given":"Astrid","family":"Zotter","role":"aut","display":"Zotter, Astrid"}],"recId":"1920069607","relHost":[{"language":["eng"],"relMultPart":[{"recId":"184358848X","pubHistory":["Volume 1-"],"disp":"Ethno-Indology","origin":[{"dateIssuedDisp":"2023-","publisherPlace":"Heidelberg ; Wiesbaden","publisher":"Heidelberg Asian Studies Publishing ; Harrassowitz Verlag","dateIssuedKey":"2023"}],"physDesc":[{"extent":"Online-Ressource"}],"note":["Gesehen am 26.04.2023"],"title":[{"subtitle":"Heidelberg studies in South Asian rituals","title_sort":"Ethno-Indology","title":"Ethno-Indology"}],"type":{"bibl":"serial","media":"Online-Ressource"},"id":{"issn":["2941-1645"],"eki":["184358848X"],"zdb":["3156939-0"]},"part":{"number_sort":["10"],"number":["10"]},"dispAlt":"Ethno-Indology","language":["eng"]}],"part":{"year":"2010","extent":"24","text":"(2010), Seite 341-364","pages":"341-364"},"name":{"displayForm":["ed. by Astrid Zotter ..."]},"id":{"eki":["1919933115"],"isbn":["9783988870261"],"doi":["10.11588/hasp.1551"]},"type":{"media":"Online-Ressource","bibl":"edited-book"},"person":[{"given":"Astrid","family":"Zotter","display":"Zotter, Astrid","role":"edt"},{"family":"Zotter","given":"Christof","display":"Zotter, Christof","role":"edt"}],"title":[{"title_sort":"Hindu and Buddhist initiations in India and Nepal","title":"Hindu and Buddhist initiations in India and Nepal"}],"note":["\"Papers of the International Symposium \"Hindu and Buddhist Initiations in India and Nepal\" held at Heidelberg in May 2008\""],"physDesc":[{"noteIll":"Illustrationen","extent":"380 Seiten"}],"origin":[{"publisher":"Harrassowitz ; Heidelberg Asian Studies Publishing (HASP)","dateIssuedKey":"2010","publisherPlace":"Wiesbaden ; Heidelberg","dateIssuedDisp":"2010"}],"disp":"How to initiate a tree the Asvatthopanayana in prescriptive textsHindu and Buddhist initiations in India and Nepal","recId":"1919933115"}],"title":[{"title_sort":"How to initiate a tree","subtitle":"the Asvatthopanayana in prescriptive texts","title":"How to initiate a tree"}],"language":["eng"],"name":{"displayForm":["Astrid Zotter"]},"origin":[{"dateIssuedDisp":"2010","dateIssuedKey":"2010"}],"physDesc":[{"extent":"24 S."}],"id":{"doi":["10.11588/hasp.1551.c22586"],"eki":["1920069607"]}} 
SRT |a ZOTTERASTRHOWTOINITI2010